Evolución geológica de la región costera-marina de Punta Alta, provincia de Buenos Aires /
Guardado en:
| Otros Autores: | , |
|---|---|
| Formato: | Manuscrito |
| Idioma: | Spanish |
| Publicado: |
2005.
|
| Materias: | |
| Etiquetas: |
Agregar Etiqueta
Sin Etiquetas, Sea el primero en etiquetar este registro!
|
| LEADER | 00993ntm a22002295a 4500 | ||
|---|---|---|---|
| 001 | EUN.eunm000508 | ||
| 008 | 050426s2005####ag#######bm###000#0#spa#d | ||
| 005 | 20260424104157.0 | ||
| 245 | 1 | 0 | |a Evolución geológica de la región costera-marina de Punta Alta, provincia de Buenos Aires / |c Jorge O. Spagnuolo; director Salvador Aliotta, codirector Ester Farinati. |
| 260 | |c 2005. | ||
| 300 | |a 269 h. : |b il., fot ; |c 30 cm. | ||
| 500 | |a Director de tesis: Salvador Aliotta. | ||
| 502 | |a Tesis (doctoral)--Universidad Nacional del Sur. Departamento de Geología, 2005. | ||
| 504 | |a Incluye referencias bibliográficas. | ||
| 100 | 1 | |a Spagnuolo, J., |d 1953- |4 dis | |
| 700 | 1 | |a Aliotta, Salvador. |4 ths | |
| 710 | 2 | |a Universidad Nacional del Sur. |4 dgg | |
| 082 | 0 | 4 | |a 040 |2 15 |
| 650 | 7 | |a Geología. |2 Unbis | |
| 651 | 7 | |a Punta Alta (Argentina) | |
| 859 | |a AR-BaUNS |b BIB. CENTRAL - Tesis |h 040 |i B148 2005-693 |k R |p 115436/005 | ||
| 859 | |a AR-BaUNS |b BIB. CENTRAL - Sector A - Tesis |h 040 |i B148 2005-693 |p 115437/005 | ||
